Top football goal scorers by country - Statistics

General Stats
  • This quiz has been taken 976 times
    156 since last reset
  • The average score is 20 of 45
Answer Stats
Country Main Clubs played for Player % Correct
Argentina Barcelona, PSG, Inter Miami Lionel Messi
100%
Belgium Everton, Inter Milan, Chelsea Romelu Lukaku
87%
England Tottenham Hotspur, Bayern Munich Harry Kane
75%
Portugal Manchester United, Real Madrid Cristiano Ronaldo
73%
Cote d' Ivore Chelsea, Galatasaray Didier Drogba
70%
Bosnia-Herzegovina Wolfsburg, Manchester City, Roma Edin Džeko
69%
Cameroon Mallorca, Barcelona, Inter Milan Samuel Eto'o
69%
Chile Udinese, Barcelona, Arsenal Alexis Sánchez
64%
Norway Borussia Dortmund, Manchester City Erling Haaland
60%
Canada Lille, Juventus Jonathan David
60%
Australia Millwall, Everton, NY RedBulls Tim Cahill
60%
Wales Tottenham Hotspur, Real Madrid Gareth Bale
58%
Austria Werder Bremen, Stoke City, Inter Milan Marko Arnautović
58%
France Montpellier, Arsenal, AC Milan Olivier Giroud
58%
Uruguay Ajax, Liverpool, Barcelona Luis Suárez
57%
Senegal Southampton, Liverpool, Al-Nassr Sadio Mané
56%
Hungary Budapest Honved, Real Madrid Ferenc Puskas
55%
Colombia Porto, Atletico Madrid, Monaco Radamel Falcao
55%
Poland Borissia Dortmund, Bayern Munich Robert Lewandowski
54%
Sweden Juventus, Inter Milan, PSG, Milan Zlatan Ibrahimović
53%
Germany Kaiserslautern, Bayern Munich, Lazio Miroslav Klose
52%
Spain Valencia, Barcelona, New York FC David Villa
49%
Ukraine Dynamo Kyiv, AC Milan Andriy Shevchenko
46%
Ireland Tottenham Hotspur, LA Galaxy Robbie Keane
46%
Croatia Sevilla, Real Madrid Davor Suker
45%
Mexico Manchester United, Bayer Leverkusen Javier Hernández
43%
Serbia Anderlecht, Fulham Aleksandar Mitrović
40%
Ecuador West Ham, Tigres, Fenerbahce Enner Valencia
38%
Netherlands PSV, Lyon, Corinthians Memphis Depay
38%
Togo Arsenal, Tottenham Hotspur Emmanuel Adebayor
37%
Finland Ajax, Liverpool, HJK Jari Litmanen
37%
Slovakia Brescia, Napoli, Trabzonspor Marek Hamšík
34%
Ghana Stade Rennes, Al Ain Asamoah Gyan
21%
Czech Republic Anderlecht, Borussia Dortmund Jan Koller
20%
Paraguay Bayern Munich, Blackburn Roque Santacruz
18%
Iran Persepolis, Hertha Berlin Ali Daei
17%
Turkey Galatasaray Hakan Şükür
17%
Algeria Sporting CP, Leicester City, Lyon Islam Slimani
17%
Brazil Santos, Barcelona, PSG Neymar daSilva
17%
Switzerland Stade Rennes, Basel Alexander Frei
13%
South Africa Porto, Blackburn Benni Mccarthy
13%
Italy Cagliari Luigi Riva
11%
India Mohun Bagan, Bengaluru Sunil Chhetri
8%
Peru Hamburg, Corinthians Paolo Guerrero
6%
Nigeria Vitoria Setubal, Zurich Rashidi Yekini
1%
No matching quizzes found
Score Distribution
Percent of People with Each Score
Percentile by Number Answered
Your Score History
You have not taken this quiz since the last reset